dBASE IV Essentials

Na minha lista:
Detalhes bibliográficos
Autor principal: Hursch, Jack L.
Outros Autores: Hursch, Carolyn J.
Formato: Livro
Idioma:inglês
Publicado em: [S.l.] Windcrest 1988
Tags: Adicionar Tag
Sem tags, seja o primeiro a adicionar uma tag!

MARC

LEADER 00000nam a2200000 4500
001 c034606
005 20250526092243.6
041 0 |a eng 
044 |a US 
245 1 0 |a dBASE IV Essentials  |c Jack L. Hursch, Carolyn J. Hursch 
264 1 |a [S.l.]  |b Windcrest  |c 1988 
300 |a 304 s. 
100 1 |a Hursch, Jack L. 
700 1 |a Hursch, Carolyn J.